| 000 | 00484nam a2200169Ia 4500 | ||
|---|---|---|---|
| 999 |
_c235 _d235 |
||
| 003 | OSt | ||
| 005 | 20210915112042.0 | ||
| 008 | 190216s9999||||xx |||||||||||||| ||und|| | ||
| 040 | _coclc | ||
| 082 |
_a297.124 _bNAV/R |
||
| 100 |
_aNavavi, Imam _97864 |
||
| 245 | 0 |
_aRiyadh Al Saliheen / _cImam Navavi ; M A Hmeed Madani |
|
| 260 |
_bAl Hind Book Stals, _c1979. _aCalicut: |
||
| 300 | _a66p | ||
| 650 | _aArabic | ||
| 942 |
_cBK _2ddc _h297.124 _iNAV/R _k297.124 _mNAV/R |
||